Saint Lucia : ultimate holiday [
| Format: | Book |
|---|---|
| Subjects: |
MARC
| LEADER | 00000cam a2200000 7i4500 | ||
|---|---|---|---|
| 001 | 0000023266 | ||
| 005 | 20110721.0 | ||
| 040 | |a INS | ||
| 090 | 0 | 0 | |a VCD 851 |
| 245 | 0 | 0 | |a Saint Lucia : |b ultimate holiday [ |h video disc] |
| 300 | |a 1 videodisc (9 min.) : |b sd., col. ; |c 4 3/4 in. | ||
| 500 | |a Also available in vhs format : VHS 874 | ||
| 650 | 0 | 0 | |a Saint Lucia |x Description and travel |
| 999 | |a VCD0000851 |b VIDEO CD |c Media Collection |e Default branch | ||